【プロ野球】NPBの永久欠番対象の人物 - Statistics

General Stats
  • This quiz has been taken 51 times
  • The average score is 11 of 17
Answer Stats
背番号 選手名 % Correct
1 王貞治
100%
3 長嶋茂雄
95%
3 衣笠祥雄
90%
8 山本浩二
85%
10 藤村富美男
83%
14 沢村栄治
76%
15 黒田博樹
68%
16 川上哲治
66%
77 星野仙一
66%
34 金田正一
61%
23 吉田義男
59%
11 村山実
54%
24 稲尾和久
54%
4 黒沢俊夫
34%
15 西沢道夫
32%
100 大社義規
32%
10 服部受弘
22%
No matching quizzes found
Score Distribution
Percent of People with Each Score
Percentile by Number Answered
Your Score History
You have not taken this quiz